Phases finales du Supersevens 2022. - Statistiques

Statistiques générales
  • Ce quiz a été pris 26 fois
  • Le résultat moyen est 7 sur 8
Statistiques - réponses
Réponse % Correct
Section paloise
94%
Racing 92
94%
Union Bordeaux-Bègles
88%
Stade français Paris
88%
Monaco rugby sevens
82%
Aviron bayonnais
76%
Stade rochelais
76%
Barbarians français
65%
Aucun quiz correspondant
Distribution des résultats
% des personnes avec chaque résultat
Percentile par nombre de réponses
Votre historique - résultats
Vous n’avez pas pris ce quiz